| 000 | 00971naa a22002657a 4500 | ||
|---|---|---|---|
| 001 | BR6500243 | ||
| 003 | BR-BrBNA | ||
| 005 | 20240918173259.0 | ||
| 007 | ta | ||
| 008 | 230509b bl.||||| |||| 00| 0 por d | ||
| 040 |
_aBR-BrBNA _bpor _cBiblioteca Nacional de Agricultura |
||
| 041 | _a(Pt) | ||
| 072 |
_aE30; E15 _b/G514 |
||
| 090 | _aE30 BR6500243 | ||
| 100 | 1 | _aSchuh, G.E. | |
| 245 | 1 | _aO credito em programas de desenvolvimento economico e a avaliacao dos resultados [Brasil] | |
| 260 | 3 |
_aFortaleza, CE (Brasil): _c1965. |
|
| 500 | _aA contribuicao da agricultura para o desenvolvimento economico Fortaleza, CE (Brasil): 1965. 11 p. (BR6500243-AM)E30 | ||
| 650 | _aDESENVOLVIMENTO ECONOMICO | ||
| 650 | _aECONOMIA AGRICOLA | ||
| 650 | _aCUSTO DE PRODUCAO | ||
| 773 | 0 |
_tA contribuicao da agricultura para o desenvolvimento economico _wE30 BR6500243 _gFortaleza, CE (Brasil), 1965. 11 p. |
|
| 909 |
_a202404 _bLucia _c55 _dLucia Elande |
||
| 942 |
_cAM _2AGRIS |
||
| 999 |
_c303735 _d303735 |
||